प्रेमदूत/ (Record no. 212653)
[ view plain ]
| 000 -LEADER | |
|---|---|
| fixed length control field | 00713nam a22001937a 4500 |
| 005 - DATE AND TIME OF LATEST TRANSACTION | |
| control field | 20250728114758.0 |
| 010 ## - LCCN (DPL NO) | |
| LC control number | HIN-130016 |
| 020 ## - INTERNATIONAL STANDARD BOOK NUMBER | |
| International Standard Book Number | 9789395107679 |
| Terms of availability | 225.00 |
| 035 ## - SYSTEM CONTROL NUMBER | |
| System control number | HN-102362 |
| 037 ## - SOURCE OF ACQUISITION | |
| Source of stock number/acquisition | DBAD |
| 082 ## - DEWEY DECIMAL CLASSIFICATION NUMBER | |
| Classification number | 821 |
| 100 ## - MAIN ENTRY--PERSONAL NAME | |
| Personal name | दीक्षित आकांक्षा |
| 245 ## - TITLE STATEMENT | |
| Title | प्रेमदूत/ |
| Statement of responsibility, etc | आकांक्षा दीक्षित |
| 260 ## - PUBLICATION, DISTRIBUTION, ETC. (IMPRINT) | |
| Place of publication, distribution, etc | कानपुर |
| Name of publisher, distributor, etc | अमन प्रकाशन |
| 270 ## - ADDRESS | |
| Address | 104-ए / 80 सी , रामबाग, कानपुर |
| City | कानपुर-208012 |
| 300 ## - PHYSICAL DESCRIPTION | |
| Extent | 136पृ. |
| Dimensions | 21.5सेमी (अजिल्द) |
| 700 ## - ADDED ENTRY--PERSONAL NAME | |
| 9 (RLIN) | 83343 |
| 942 ## - ADDED ENTRY ELEMENTS (KOHA) | |
| Source of classification or shelving scheme | Dewey Decimal Classification |
| Item type | Hindi Books |
| Classification part | 821 |
| Call number suffix | दीक्षित |
| Withdrawn status | Lost status | Not for loan | Collection code | Home library | Current library | Date acquired | Source of acquisition | Cost, normal purchase price | Full call number | Barcode | Copy number | Cost, replacement price | Koha item type |
|---|---|---|---|---|---|---|---|---|---|---|---|---|---|
| Non-fiction | Central Library | Central Library | 28/07/2025 | DBAD | 225.00 | 821 दीक्षित | HN-102362 | 1 | 225.00 | Hindi Books |
